| 000 | 01114nam a22003617a 4500 | ||
|---|---|---|---|
| 001 | 2679032 | ||
| 003 | OSt | ||
| 005 | 20210422053423.0 | ||
| 008 | 741016s1975 nyua 001 0aeng | ||
| 010 | _a 74023927 | ||
| 020 | _a0394489896 | ||
| 040 |
_aDLC _cDLC _dDLC |
||
| 043 |
_an-us--- _an-us-ny |
||
| 050 | 0 | 0 |
_aPS3513.I468 _bZ52 |
| 080 |
_a92 _bG-45 |
||
| 082 | 0 | 0 |
_a818/.5/209 _aB |
| 100 | 1 |
_aGill, Brendan, _d1914-1997. |
|
| 245 | 1 | 0 |
_aHere at the New Yorker / _cBrendan Gill. _b/ by: Random House |
| 250 | _a1st edition | ||
| 260 |
_aNew York : _bRandom House, _c[1975] |
||
| 300 |
_a406 p. : _bill. ; _c25 cm. |
||
| 500 | _aAutobiographical. | ||
| 500 | _aIncludes index. | ||
| 600 | 1 | 0 |
_aGill, Brendan, _d1914-1997. |
| 630 | 0 | 0 | _aNew Yorker (New York, N.Y. : 1925) |
| 650 | 0 |
_aAuthors, American _y20th century _vBiography. |
|
| 650 | 0 |
_aBiography _9237 |
|
| 650 | 0 |
_aJournalists _zUnited States _vBiography. |
|
| 651 | 0 |
_aNew York (N.Y.) _xIntellectual life _y20th century. |
|
| 653 | _aბიოგრაფია | ||
| 906 |
_a7 _bcbc _corignew _d1 _eocip _f19 _gy-gencatlg |
||
| 942 |
_2udc _cBK _e1 |
||
| 999 |
_c779 _d779 |
||